[Event "CAN-ch U14"]
[Site "Windsor"]
[Date "2010.07.08"]
[Round "6"]
[White "Cheng, Guy"]
[Black "Granville, Matt"]
[Result "1-0"]
[WhiteElo "1404"]
[BlackElo "893"]
[PlyCount "73"]
[EventDate "2010.07.06"]
[EventType "swiss"]
[EventRounds "7"]
[EventCountry "CAN"]
[SourceTitle "EXT 2012"]
[Source "ChessBase"]
[SourceDate "2011.11.24"]
[SourceVersion "1"]
[SourceVersionDate "2011.11.24"]
[SourceQuality "1"]

1. d4 e6 2. c4 Bb4+ 3. Bd2 Bd6 4. Nf3 g5 5. Bxg5 Ne7 6. c5 h6 7. cxd6 hxg5 8. dxe7 Kxe7 9. Qd2 f6 10. Qb4+ d6 11. Nc3 a5 12. Qb3 Nc6 13. e4 Rb8 14. d5 g4 15. Nd2 a4 16. Qxa4 b5 17. Bxb5 Bd7 18. dxc6 Be8 19. 0-0 Rh4 20. Rad1 Qc8 21. Nc4 Bd7 22. cxd7 Qh8 23. Nxd6 Qg8 24. Nc8+ Rxc8 25. dxc8Q Qxc8 26. Nd5+ exd5 27. exd5 Rh8 28. Rfe1+ Kf8 29. Re8+ Kf7 30. Rxc8 Rxc8 31. g3 c5 32. dxc6 f5 33. Rd7+ Kf6 34. Qd4+ Kg5 35. Rg7+ Kh6 36. Qf6+ Kh5 37. Qg5# 1-0

[Event "CAN-ch U12"]
[Site "Victoria"]
[Date "2009.07.22"]
[Round "5"]
[White "McCleary, Reuben"]
[Black "Cheng, Guy"]
[Result "1/2-1/2"]
[WhiteElo "1508"]
[BlackElo "1292"]
[PlyCount "39"]
[EventDate "2009.07.21"]
[EventType "swiss"]
[EventRounds "7"]
[EventCountry "CAN"]
[SourceTitle "EXT 2011"]
[Source "ChessBase"]
[SourceDate "2010.11.26"]
[SourceVersion "1"]
[SourceVersionDate "2010.11.26"]
[SourceQuality "1"]

1. e4 c5 2. c3 d6 3. d4 cxd4 4. cxd4 Nf6 5. Nc3 e6 6. Nf3 d5 7. e5 Nfd7 8. Bd3 Nc6 9. 0-0 Be7 10. a3 Nb6 11. Qc2 Bd7 12. Bxh7 a6 13. Be3 Qc7 14. Bd3 0-0-0 15. Rac1 Kb8 16. Bf4 Rdg8 17. Bh7 Rf8 18. Bd3 Rfg8 19. Bg3 g5 20. Ne2 1/2-1/2

[Event "CAN-ch U12"]
[Site "Quebec"]
[Date "2008.07.16"]
[Round "7"]
[White "Cheng, Guy"]
[Black "Chan, Alex H"]
[Result "0-1"]
[WhiteElo "894"]
[BlackElo "1633"]
[PlyCount "132"]
[EventDate "2008.07.14"]
[EventType "swiss"]
[EventRounds "7"]
[EventCountry "CAN"]
[SourceTitle "EXT 2011"]
[Source "ChessBase"]
[SourceDate "2010.11.26"]
[SourceVersion "1"]
[SourceVersionDate "2010.11.26"]
[SourceQuality "1"]

1. d4 d5 2. c4 dxc4 3. Nc3 Nf6 4. Bg5 e6 5. Nf3 a6 6. e4 h6 7. Bxf6 Qxf6 8. Bxc4 b5 9. Bb3 c5 10. d5 c4 11. Bc2 Bd6 12. 0-0 Nd7 13. Re1 Ne5 14. Nxe5 Qxe5 15. g3 g5 16. Qd2 Bb7 17. Rad1 Rd8 18. Rf1 Rg8 19. Kh1 g4 20. dxe6 Qxe6 21. Nd5 Be5 22. Kg1 Bb8 23. Rfe1 h5 24. Qa5 Rc8 25. Qb6 Qxb6 26. Nxb6 Rd8 27. Nd5 Be5 28. b3 f6 29. Re3 Kf7 30. f4 gxf3 31. Rxf3 h4 32. Kf2 hxg3+ 33. hxg3 Bxd5 34. exd5 Rg5 35. Bf5 c3 36. Be6+ Ke7 37. g4 b4 38. Ke2 Bc7 39. Re3 Be5 40. Re4 a5 41. Rc4 Ra8 42. Kd3 Rg7 43. Rh1 Bd6 44. Kc2 a4 45. Rb1 Rh7 46. Rc8 Ra7 47. Rc4 Rh2+ 48. Kd3 Rxa2 49. Rh1 Rh2 50. Ra1 a3 51. Bf5 a2 52. Be6 Rb2 53. Rh1 Bh2 54. Rd4 a1Q 55. Rxa1 Rxa1 56. Rxb4 c2 57. Rb7+ Ke8 58. d6 Bxd6 59. Bf7+ Kf8 60. Rd7 c1Q 61. Rd8+ Kxf7 62. Rd7+ Be7 63. Rxe7+ Kxe7 64. b4 Ra3+ 65. Ke4 Rxb4+ 66. Kf5 Qg5# 0-1

[Event "CAN-ch U12"]
[Site "Quebec"]
[Date "2008.07.15"]
[Round "3"]
[White "Itkin, David"]
[Black "Cheng, Guy"]
[Result "0-1"]
[WhiteElo "1597"]
[BlackElo "894"]
[PlyCount "92"]
[EventDate "2008.07.14"]
[EventType "swiss"]
[EventRounds "7"]
[EventCountry "CAN"]
[SourceTitle "EXT 2011"]
[Source "ChessBase"]
[SourceDate "2010.11.26"]
[SourceVersion "1"]
[SourceVersionDate "2010.11.26"]
[SourceQuality "1"]

1. e4 c5 2. Nf3 d6 3. d4 cxd4 4. Nxd4 Nf6 5. Nc3 a6 6. Bc4 Qc7 7. Bb3 e6 8. 0-0 Be7 9. Kh1 Bd7 10. Be3 Nc6 11. a4 0-0 12. f4 Qa5 13. Qf3 Rae8 14. f5 Bd8 15. Qh3 Nxd4 16. Bxd4 Qb4 17. Rad1 e5 18. Be3 Be7 19. Na2 Qxe4 20. Nc3 Qg4 21. Nd5 Qxh3 22. Nxe7+ Rxe7 23. gxh3 Bc6+ 24. Kg1 Rd7 25. c4 Rfd8 26. Bb6 Re8 27. a5 d5 28. cxd5 Bxd5 29. Ba4 Bc6 30. Bxc6 bxc6 31. Rxd7 Nxd7 32. Rc1 Nb8 33. Bc7 h6 34. Bxb8 Rxb8 35. Rxc6 Rxb2 36. Rxa6 Ra2 37. Ra8+ Kh7 38. a6 e4 39. Ra7 e3 40. Rxf7 Ra1+ 41. Kg2 e2 42. f6 e1Q 43. Rxg7+ Kh8 44. Re7 Ra2+ 45. Kf3 Rf2+ 46. Kg4 Qg1+ 0-1